[Event "19. Wch 2009 Veteranos"]
[Site "Condino ITA"]
[Date "2009.11.03"]
[Round "7.57"]
[White "Cernea, Radu"]
[Black "Filzmaier, Bruno"]
[Result "1-0"]
[WhiteElo "2064"]
[BlackElo "1963"]
[PlyCount "45"]
[EventDate "2009.10.27"]
[EventType "swiss"]
[EventRounds "11"]
[EventCountry "ITA"]
[Source "lmi"]
[SourceDate "2009.10.27"]

1. d4 e6 2. c4 d5 3. Nc3 Nf6 4. cxd5 exd5 5. Qc2 Be7 6. Bf4 c6 7. e3 Nbd7 8.
Bd3 g6 9. O-O-O Nh5 10. Nxd5 O-O 11. Nxe7+ Qxe7 12. Bh6 Re8 13. Nf3 Nf8 14. Bg5
f6 15. Bh4 g5 16. Bg3 Be6 17. Nd2 Rec8 18. Nc4 b5 19. Nd6 Rd8 20. Nf5 Qb4 21.
Kb1 Qa5 22. b3 b4 23. Ne7+ 1-0

[Event "19. Wch 2009 Veteranos"]
[Site "Condino ITA"]
[Date "2009.11.03"]
[Round "7.58"]
[White "Davydov, Mihail"]
[Black "Korenevski, Oleg"]
[Result "1/2-1/2"]
[WhiteElo "2061"]
[BlackElo "1941"]
[PlyCount "42"]
[EventDate "2009.10.27"]
[EventType "swiss"]
[EventRounds "11"]
[EventCountry "ITA"]
[Source "lmi"]
[SourceDate "2009.10.27"]

1. e4 e6 2. d4 d5 3. Nd2 dxe4 4. Nxe4 Bd7 5. Nf3 Bc6 6. Bd3 Nd7 7. O-O Ngf6 8.
Qe2 Be7 9. b3 Nxe4 10. Bxe4 Bxe4 11. Qxe4 c6 12. Bb2 Qc7 13. Rad1 O-O-O 14. Ne5
Nxe5 15. dxe5 g6 16. h3 h5 17. g3 Rxd1 18. Rxd1 Rd8 19. Rd3 Rxd3 20. Qxd3 Qa5
21. a4 Qd5 1/2-1/2

[Event "19. Wch 2009 Veteranos"]
[Site "Condino ITA"]
[Date "2009.11.03"]
[Round "7.66"]
[White "Haupt, Joachim"]
[Black "Zotin, Vladimir"]
[Result "1/2-1/2"]
[WhiteElo "1870"]
[BlackElo "2015"]
[PlyCount "45"]
[EventDate "2009.10.27"]
[EventType "swiss"]
[EventRounds "11"]
[EventCountry "ITA"]
[Source "lmi"]
[SourceDate "2009.10.27"]

1. e4 e5 2. f4 d5 3. exd5 e4 4. d3 Qxd5 5. Nc3 Bb4 6. Bd2 Bxc3 7. Bxc3 f6 8.
Qe2 Ne7 9. Qxe4 Nbc6 10. Be2 Bf5 11. Qxd5 Nxd5 12. Bd2 O-O-O 13. O-O-O Nd4 14.
Bf3 Rhe8 15. h3 c6 16. g4 Bg6 17. f5 Bf7 18. Rh2 Ne3 19. Bxe3 Rxe3 20. Be4 Nb5
21. Re2 Rg3 22. Rg2 Re3 23. Re2 1/2-1/2

[Event "19. Wch 2009 Veteranos"]
[Site "Condino ITA"]
[Date "2009.11.03"]
[Round "7.68"]
[White "Schwertel, Johann"]
[Black "De Nisi, Giuseppe"]
[Result "1/2-1/2"]
[WhiteElo "1975"]
[BlackElo "1840"]
[PlyCount "82"]
[EventDate "2009.10.27"]
[EventType "swiss"]
[EventRounds "11"]
[EventCountry "ITA"]
[Source "lmi"]
[SourceDate "2009.10.27"]

1. d4 d6 2. Nf3 Nf6 3. c3 Bg4 4. Bf4 Nbd7 5. Bg3 c5 6. Nbd2 Qb6 7. Nc4 Qc6 8.
Ne3 Bxf3 9. exf3 cxd4 10. Qxd4 e5 11. Qc4 d5 12. Qb5 a6 13. Qxc6 bxc6 14. Be2
Be7 15. O-O Nh5 16. Nf5 Nxg3 17. Nxg3 g5 18. Rfd1 O-O 19. Nf1 Nf6 20. Ne3 Bc5
21. Rac1 a5 22. b3 Ba7 23. Rc2 Rad8 24. Rcd2 Ne8 25. Nc4 f6 26. Nxa5 Rd6 27.
Nc4 Re6 28. Ne3 Nc7 29. Nc2 f5 30. Bf1 Kg7 31. Re1 c5 32. h3 Bb6 33. Ne3 Ba5
34. Nxd5 Nxd5 35. Rxd5 Bxc3 36. Red1 Bd4 37. Bc4 Re7 38. Re1 e4 39. a4 Rfe8 40.
Bb5 Rf8 41. b4 Bc3 1/2-1/2

[Event "19. Wch 2009 Veteranos"]
[Site "Condino ITA"]
[Date "2009.11.03"]
[Round "7.69"]
[White "Acunzo, Domenico"]
[Black "Zachariassen, John"]
[Result "0-1"]
[WhiteElo "1833"]
[BlackElo "1973"]
[PlyCount "66"]
[EventDate "2009.10.27"]
[EventType "swiss"]
[EventRounds "11"]
[EventCountry "ITA"]
[Source "lmi"]
[SourceDate "2009.10.27"]

1. e4 g6 2. d4 Bg7 3. f4 d6 4. Nf3 Nd7 5. Be2 c6 6. Nc3 b5 7. a4 b4 8. Na2 a5
9. c3 c5 10. Bb5 Ngf6 11. e5 Nd5 12. dxc5 Nc7 13. exd6 exd6 14. cxd6 Nxb5 15.
axb5 O-O 16. Be3 Re8 17. Kf2 Nf6 18. h3 Ne4+ 19. Kg1 bxc3 20. bxc3 Re6 21. Qd5
Rb8 22. Re1 Bb7 23. Qb3 Qxd6 24. Rd1 Qc7 25. c4 Ng3 26. Rh2 Rbe8 27. Ne5 Bxe5
28. fxe5 Qxe5 29. Bf2 Ne4 30. Re1 Qd6 31. Rd1 Qc7 32. g3 Nxf2 33. Kxf2 Qc5+ 0-1

[Event "19. Wch 2009 Veteranos"]
[Site "Condino ITA"]
[Date "2009.11.03"]
[Round "7.77"]
[White "Nielsen, Peter"]
[Black "Scarpellini, Felice"]
[Result "1-0"]
[WhiteElo "1894"]
[BlackElo "1823"]
[PlyCount "81"]
[EventDate "2009.10.27"]
[EventType "swiss"]
[EventRounds "11"]
[EventCountry "ITA"]
[Source "lmi"]
[SourceDate "2009.10.27"]

1. e4 d6 2. d4 g6 3. Nc3 Bg7 4. Be3 c6 5. a4 Nf6 6. h3 O-O 7. Nf3 b6 8. Bd3 Bb7
9. O-O Nbd7 10. Qd2 c5 11. d5 Rc8 12. Bc4 Ne8 13. Bh6 Nb8 14. Bxg7 Kxg7 15. Qe2
Nd7 16. g4 Nef6 17. e5 dxe5 18. Nxe5 Nxe5 19. Qxe5 Qd6 20. f4 Rcd8 21. Rad1 Kg8
22. Rfe1 Rfe8 23. Bb5 Qxe5 24. fxe5 Nd7 25. e6 fxe6 26. dxe6 Nf6 27. Bxe8 Rxe8
28. g5 Nh5 29. Rd7 Bc8 30. Rxa7 Nf4 31. Kh2 Nxe6 32. Nd5 Nxg5 33. Nf6+ Kf7 34.
Nxe8 Nf3+ 35. Kg3 Nxe1 36. Nd6+ Kf6 37. Nxc8 e5 38. c3 Nd3 39. Nxb6 Nxb2 40.
Nd5+ Ke6 41. Ne3 1-0

[Event "19. Wch 2009 Veteranos"]
[Site "Condino ITA"]
[Date "2009.11.03"]
[Round "7.78"]
[White "Zelkind, Natalya"]
[Black "Zelkind, Simeon"]
[Result "1/2-1/2"]
[WhiteElo "1851"]
[BlackElo "1780"]
[PlyCount "24"]
[EventDate "2009.10.27"]
[EventType "swiss"]
[EventRounds "11"]
[EventCountry "ITA"]
[Source "lmi"]
[SourceDate "2009.10.27"]

1. c4 c5 2. g3 g6 3. Bg2 Bg7 4. Nf3 Nf6 5. O-O O-O 6. d3 d6 7. Nc3 Nc6 8. e3 e6
9. a3 a6 10. Re1 Re8 11. Qc2 Qc7 12. Bd2 Bd7 1/2-1/2

[Event "19. Wch 2009 Veteranos"]
[Site "Condino ITA"]
[Date "2009.11.03"]
[Round "7.84"]
[White "Trifoni, Giorgio"]
[Black "Cerusico, Carlo"]
[Result "1-0"]
[WhiteElo "1639"]
[BlackElo "1431"]
[PlyCount "61"]
[EventDate "2009.10.27"]
[EventType "swiss"]
[EventRounds "11"]
[EventCountry "ITA"]
[Source "lmi"]
[SourceDate "2009.10.27"]

1. Nf3 b6 2. d4 Bb7 3. e3 e6 4. Nbd2 g6 5. Be2 Bg7 6. c3 Ne7 7. b4 a6 8. a4 d6
9. Ba3 Nd7 10. Qb3 h6 11. O-O O-O 12. Rfc1 Nc6 13. Rab1 Bf6 14. c4 Re8 15. c5
d5 16. cxb6 cxb6 17. b5 Ne7 18. Rc2 a5 19. Rbc1 Rc8 20. Bd3 Rxc2 21. Qxc2 Qa8
22. Qc7 Rd8 23. Bf1 Nc8 24. Ne5 Nxe5 25. dxe5 Bg5 26. f4 Be7 27. Bxe7 Nxe7 28.
Qxe7 Rc8 29. Rc7 Rxc7 30. Qxc7 Qa7 31. Bd3 1-0

[Event "19. Wch 2009 Veteranos"]
[Site "Condino ITA"]
[Date "2009.11.04"]
[Round "8.1"]
[White "Tseshkovsky, Vitaly"]
[Black "Tseitlin, Mark D"]
[Result "1-0"]
[WhiteElo "2545"]
[BlackElo "2390"]
[PlyCount "121"]
[EventDate "2009.10.27"]
[EventType "swiss"]
[EventRounds "11"]
[EventCountry "ITA"]
[Source "lmi"]
[SourceDate "2009.10.27"]

1. e4 c5 2. Nf3 d6 3. d4 cxd4 4. Nxd4 Nf6 5. Nc3 a6 6. Be2 e5 7. Nb3 Be7 8. O-O
O-O 9. Re1 Be6 10. Bf3 b5 11. Bd2 Bc4 12. Nd5 Nc6 13. Nxe7+ Qxe7 14. Na5 Nxa5
15. Bxa5 Rfc8 16. a4 Nd7 17. b3 Be6 18. Bb4 Nc5 19. axb5 axb5 20. Qd2 h6 21. h3
Qc7 22. Red1 Nb7 23. Rxa8 Rxa8 24. Qe2 Qc6 25. Rd3 Nc5 26. Rc3 Qb6 27. Qe3 Rc8
28. Kh2 Qc7 29. Be2 Qc6 30. f3 f6 31. Ba3 Qb6 32. b4 Qb8 33. bxc5 b4 34. Rb3
Bxb3 35. Qxb3+ Kh7 36. Qxb4 Qa7 37. Qc3 dxc5 38. Bc4 Ra8 39. Bc1 Qa1 40. Qxa1
Rxa1 41. Be3 Ra3 42. Bf2 h5 43. Bb3 Ra5 44. h4 g6 45. Bd5 Kg7 46. c4 Kf8 47.
Bc6 Ke7 48. Bb5 Kd6 49. Be3 Ra8 50. Bh6 Ke7 51. Bc6 Rc8 52. Bd5 Rb8 53. Be3 Rc8
54. f4 Rc7 55. fxe5 fxe5 56. Bg5+ Kd6 57. Bh6 Rc8 58. Bf7 Rc6 59. Be8 Rc8 60.
Bxg6 Rh8 61. Bg5 1-0

[Event "19. Wch 2009 Veteranos"]
[Site "Condino ITA"]
[Date "2009.11.04"]
[Round "8.2"]
[White "Butnorius, Algimantas"]
[Black "Cebalo, Miso"]
[Result "1/2-1/2"]
[WhiteElo "2430"]
[BlackElo "2500"]
[PlyCount "80"]
[EventDate "2009.10.27"]
[EventType "swiss"]
[EventRounds "11"]
[EventCountry "ITA"]
[Source "lmi"]
[SourceDate "2009.10.27"]

1. Nf3 c5 2. c4 Nc6 3. Nc3 Nf6 4. g3 d6 5. Bg2 Bd7 6. b3 g6 7. Bb2 Bg7 8. Ne4
Nh5 9. Bxg7 Nxg7 10. O-O f5 11. Nc3 e5 12. e3 O-O 13. d4 e4 14. Ne1 Qe7 15. Nc2
Rad8 16. Nd5 Qf7 17. f3 exf3 18. Bxf3 Ne6 19. Nf4 Nxf4 20. exf4 Kg7 21. Qd2 Qf6
22. Rad1 cxd4 23. Nxd4 Nxd4 24. Qxd4 Qxd4+ 25. Rxd4 Bc6 26. Kf2 Kf7 27. Rfd1
Ke7 28. Re1+ Kd7 29. Bxc6+ bxc6 30. c5 Rf6 31. Re5 Rb8 32. Ke3 Rb7 33. Kd3 Rb8
34. h4 h5 35. cxd6 Rxd6 36. Ra5 Rb7 37. Kc3 Rxd4 38. Kxd4 Kd6 39. Re5 Rb4+ 40.
Kc3 c5 1/2-1/2

[Event "19. Wch 2009 Veteranos"]
[Site "Condino ITA"]
[Date "2009.11.04"]
[Round "8.4"]
[White "Malisov, Boris"]
[Black "Suba, Mihai"]
[Result "0-1"]
[WhiteElo "2375"]
[BlackElo "2500"]
[PlyCount "88"]
[EventDate "2009.10.27"]
[EventType "swiss"]
[EventRounds "11"]
[EventCountry "ITA"]
[Source "lmi"]
[SourceDate "2009.10.27"]

1. e4 c5 2. Nc3 e6 3. f4 d5 4. Nf3 dxe4 5. Nxe4 Be7 6. g3 Nf6 7. Nf2 b6 8. Bg2
Bb7 9. O-O O-O 10. b3 Nc6 11. Bb2 Qc7 12. c4 Rad8 13. Qe2 Rd7 14. d3 Rfd8 15.
Rad1 Qc8 16. Bh3 Nd4 17. Nxd4 cxd4 18. Bg2 b5 19. Ne4 bxc4 20. bxc4 Bxe4 21.
Bxe4 Nxe4 22. Qxe4 Qb7 23. Qxb7 Rxb7 24. Rf2 f6 25. Kg2 Bc5 26. Kf3 Kf7 27.
Rdd2 Rdb8 28. Rfe2 a5 29. a4 Rb3 30. g4 g6 31. f5 exf5 32. gxf5 gxf5 33. Rg2
Re8 34. Rge2 Bb4 35. Rxe8 Bxd2 36. Rd8 Rxb2 37. Rxd4 Bb4 38. Rd7+ Kg6 39. h4 h5
40. d4 Rb3+ 41. Ke2 f4 42. c5 f3+ 43. Kf2 Kf5 44. c6 Kf4 0-1

[Event "19. Wch 2009 Veteranos"]
[Site "Condino ITA"]
[Date "2009.11.04"]
[Round "8.5"]
[White "Pushkov, Nikolai"]
[Black "Werner, Clemens"]
[Result "1/2-1/2"]
[WhiteElo "2495"]
[BlackElo "2335"]
[PlyCount "116"]
[EventDate "2009.10.27"]
[EventType "swiss"]
[EventRounds "11"]
[EventCountry "ITA"]
[Source "lmi"]
[SourceDate "2009.10.27"]

1. d4 Nf6 2. Nf3 g6 3. c4 Bg7 4. Nc3 O-O 5. Bg5 d6 6. e3 h6 7. Bh4 c5 8. Be2
Bf5 9. O-O Ne4 10. Nd2 Nxd2 11. Qxd2 cxd4 12. exd4 Nc6 13. d5 Nd4 14. Bd3 Bxd3
15. Qxd3 Nf5 16. Bg3 Qb6 17. Rab1 Rac8 18. b3 Qd4 19. Qxd4 Bxd4 20. Ne2 Nxg3
21. hxg3 Bf6 22. Rbc1 Rc7 23. f4 a6 24. Kf2 Rb8 25. Ke3 e6 26. dxe6 fxe6 27.
Rcd1 Rc6 28. g4 b5 29. cxb5 axb5 30. Rc1 Ra6 31. Rc2 Rba8 32. Nc1 d5 33. Rh1
Bg7 34. g3 g5 35. Rhh2 gxf4+ 36. gxf4 e5 37. fxe5 Bxe5 38. Rhe2 Rg6 39. Nd3 Bf6
40. Rc5 Re8+ 41. Kf3 Rxe2 42. Kxe2 Rxg4 43. Kf3 Rg1 44. Rxb5 h5 45. Rxd5 h4 46.
Nf4 Kf7 47. Rd7+ Be7 48. Rc7 Rg3+ 49. Kf2 Ke8 50. Nd5 Bd8 51. Rc3 Rxc3 52. Nxc3
Kd7 53. b4 Be7 54. b5 Kd6 55. a4 Bd8 56. Ne4+ Kd5 57. Kf3 h3 58. Nf2 Kc4
1/2-1/2

[Event "19. Wch 2009 Veteranos"]
[Site "Condino ITA"]
[Date "2009.11.04"]
[Round "8.6"]
[White "Vasiukov, Evgeni"]
[Black "Klundt, Klaus"]
[Result "1-0"]
[WhiteElo "2485"]
[BlackElo "2335"]
[PlyCount "67"]
[EventDate "2009.10.27"]
[EventType "swiss"]
[EventRounds "11"]
[EventCountry "ITA"]
[Source "lmi"]
[SourceDate "2009.10.27"]

1. b4 Nf6 2. Bb2 e6 3. a3 a5 4. b5 c5 5. e3 b6 6. f4 Bb7 7. Nf3 Be7 8. c4 O-O
9. Qc2 d5 10. Nc3 Nbd7 11. Be2 Qc7 12. O-O-O Rfd8 13. f5 exf5 14. Qxf5 d4 15.
Na4 Ne4 16. Rhf1 g6 17. Qh3 dxe3 18. dxe3 Bf6 19. Qh6 Bxb2+ 20. Kxb2 Ne5 21.
Qf4 f6 22. Nxe5 fxe5 23. Qg4 Kg7 24. Qe6 Rxd1 25. Rxd1 Rd8 26. Qxb6 Qxb6 27.
Nxb6 Rxd1 28. Bxd1 Nf2 29. Bf3 Bxf3 30. gxf3 Nd1+ 31. Kb3 Nxe3 32. Ka4 Nf5 33.
Kxa5 Nd4 34. Ka4 1-0

[Event "19. Wch 2009 Veteranos"]
[Site "Condino ITA"]
[Date "2009.11.04"]
[Round "8.7"]
[White "Karasev, Vladimir I"]
[Black "Gutman, Lev"]
[Result "0-1"]
[WhiteElo "2365"]
[BlackElo "2455"]
[PlyCount "228"]
[EventDate "2009.10.27"]
[EventType "swiss"]
[EventRounds "11"]
[EventCountry "ITA"]
[Source "lmi"]
[SourceDate "2009.10.27"]

1. d4 Nf6 2. c4 g6 3. Nc3 Bg7 4. e4 O-O 5. f4 c6 6. e5 Ne8 7. Nf3 d5 8. cxd5
cxd5 9. Bd3 Nc6 10. Be3 f6 11. O-O Bh6 12. Qe2 Nc7 13. a3 Rf7 14. Kh1 Qf8 15.
h3 fxe5 16. fxe5 Bf5 17. Bxf5 gxf5 18. Rae1 Bxe3 19. Qxe3 f4 20. Qd3 Qh6 21. e6
Rg7 22. Ne5 Nxe6 23. Nxd5 Ncxd4 24. Nf3 Nxf3 25. Rxf3 Qg5 26. Rf2 Rd8 27. Nxf4
Rxd3 28. Nxe6 Rxh3+ 29. Kg1 Rh1+ 30. Kxh1 Qh4+ 31. Kg1 Rf7 32. Ref1 Rf6 33.
Rxf6 exf6 34. Nf4 Kf7 35. b4 f5 36. Rf3 Kf6 37. g3 Qg4 38. Kf2 Qg8 39. Ne2 Kg5
40. a4 Qa2 41. a5 h5 42. Rf4 Kf6 43. Rh4 Qb2 44. Ke3 Ke5 45. Rf4 Qb3+ 46. Kf2
Qc2 47. Ke3 Qd1 48. Kf2 Qd3 49. Rh4 Qd2 50. Rf4 a6 51. Rh4 Kd5 52. Rxh5 Qxb4
53. Rxf5+ Ke6 54. Rh5 Kf7 55. Nf4 b5 56. axb6 Qxb6+ 57. Ke2 a5 58. Nd3 a4 59.
Kd2 a3 60. Rf5+ Kg7 61. Rf1 Qb3 62. Ra1 a2 63. Ne1 Qd5+ 64. Kc1 Qb3 65. Nc2 Kf6
66. Kd2 Ke5 67. g4 Kd5 68. g5 Kc4 69. Ne3+ Kb4 70. Nc2+ Ka4 71. g6 Qd5+ 72. Kc3
Qe5+ 73. Nd4 Ka3 74. Rd1 Qa5+ 75. Kd3 Kb2 76. g7 Qa6+ 77. Kd2 Qh6+ 78. Kd3 Qg6+
79. Kc4 a1=Q 80. Rd2+ Ka3 81. Nc2+ Qxc2+ 82. Rxc2 Qxg7 83. Rc3+ Kb2 84. Re3
Qg4+ 85. Kd3 Qf4 86. Re4 Qf3+ 87. Kd4 Kc2 88. Re3 Qf4+ 89. Re4 Qd6+ 90. Ke3
Qd2+ 91. Kf3 Kd3 92. Re6 Qd1+ 93. Kf4 Qc1+ 94. Ke5 Qg5+ 95. Kd6 Kd4 96. Kd7 Qf5
97. Ke7 Kd5 98. Rf6 Qh7+ 99. Rf7 Qh4+ 100. Kd7 Qg5 101. Re7 Qf6 102. Ke8 Qh4
103. Kd7 Qb4 104. Rf7 Qb5+ 105. Ke7 Ke5 106. Kf8 Qb3 107. Ke8 Qc4 108. Ke7 Qc8
109. Rg7 Qc5+ 110. Kf7 Kf5 111. Kg8 Qd5+ 112. Kh7 Kf6 113. Rg6+ Kf7 114. Rg7+
Kf8 0-1

[Event "19. Wch 2009 Veteranos"]
[Site "Condino ITA"]
[Date "2009.11.04"]
[Round "8.8"]
[White "Danner, Georg"]
[Black "Onoprienko, Vladimir"]
[Result "0-1"]
[WhiteElo "2440"]
[BlackElo "2320"]
[PlyCount "142"]
[EventDate "2009.10.27"]
[EventType "swiss"]
[EventRounds "11"]
[EventCountry "ITA"]
[Source "lmi"]
[SourceDate "2009.10.27"]

1. d4 Nf6 2. Nf3 g6 3. c4 Bg7 4. Nc3 O-O 5. e4 d6 6. Be2 e5 7. d5 Na6 8. Qc2
Bd7 9. O-O Nh5 10. g3 f5 11. exf5 Bxf5 12. Qd1 Nf6 13. Nh4 Bh3 14. Ng2 Qd7 15.
Be3 Nc5 16. f3 e4 17. f4 Ng4 18. Qd2 Nxe3 19. Qxe3 Rae8 20. Rad1 a5 21. Rd2 Rf7
22. Nd1 Bf5 23. Nf2 h5 24. Nh4 Ref8 25. Kg2 Bh6 26. Nxf5 Qxf5 27. h4 Bg7 28.
Nh3 Bh6 29. Ng5 Bxg5 30. hxg5 Re7 31. g4 hxg4 32. Kg3 Rh7 33. Bxg4 Qf7 34. f5
Qe7 35. f6 Qf7 36. Qxc5 dxc5 37. Be6 Re8 38. Bxf7+ Kxf7 39. Rh2 Rxh2 40. Kxh2
Re5 41. Rg1 e3 42. Kh3 e2 43. Re1 Rxg5 44. Rxe2 Kxf6 45. Re8 Re5 46. Rd8 Re7
47. b3 a4 48. bxa4 Ke5 49. a5 Kd4 50. Rb8 Kxc4 51. Rxb7 Kxd5 52. a6 Re3+ 53.
Kg4 Ra3 54. Rxc7 Rxa6 55. Rd7+ Ke4 56. Rc7 Kd4 57. Kf3 Ra3+ 58. Kf4 Rxa2 59.
Rd7+ Kc3 60. Rd6 c4 61. Rxg6 Re2 62. Kf3 Re5 63. Rb6 Kd3 64. Rd6+ Kc2 65. Kf2
c3 66. Rb6 Kc1 67. Rc6 c2 68. Rb6 Kd2 69. Rd6+ Kc3 70. Rc6+ Kd3 71. Rd6+ Kc4
0-1

[Event "19. Wch 2009 Veteranos"]
[Site "Condino ITA"]
[Date "2009.11.04"]
[Round "8.9"]
[White "Jorgensen, Jorgen"]
[Black "Rukavina, Josip"]
[Result "1/2-1/2"]
[WhiteElo "2315"]
[BlackElo "2435"]
[PlyCount "161"]
[EventDate "2009.10.27"]
[EventType "swiss"]
[EventRounds "11"]
[EventCountry "ITA"]
[Source "lmi"]
[SourceDate "2009.10.27"]

1. Nf3 Nf6 2. c4 g6 3. g3 Bg7 4. Bg2 O-O 5. O-O c6 6. d4 d6 7. Nc3 Bf5 8. Re1
Ne4 9. Qb3 Nxc3 10. bxc3 Bc8 11. e4 Nd7 12. Ba3 Re8 13. Rad1 Qc7 14. Qa4 a6 15.
Qb3 c5 16. Qa4 Rf8 17. Rb1 Ra7 18. Bb2 e5 19. h3 b5 20. cxb5 Nb6 21. Qb3 axb5
22. Qxb5 Ba6 23. Qb3 Bc4 24. Qd1 Bxa2 25. Ra1 Nc4 26. Bc1 Rb8 27. Qe2 Bb3 28.
Rxa7 Qxa7 29. dxe5 Nxe5 30. Nxe5 Bxe5 31. Bd2 Qa2 32. Qe3 Bc4 33. Bf1 Bxf1 34.
Rxf1 Rb2 35. Rd1 Qa4 36. Rc1 Qa6 37. Kg2 h5 38. h4 Qa2 39. Be1 Qa6 40. Bd2 Rb3
41. Be1 Bd4 42. Qd2 Bg7 43. Rc2 Qc4 44. Qe2 Qe6 45. Qd3 c4 46. Qf3 Rb5 47. Bd2
d5 48. exd5 Rxd5 49. Qe3 Qf5 50. Rb2 Rd3 51. Qe8+ Kh7 52. Qc6 Qd7 53. Qxd7 Rxd7
54. Kf1 Rd3 55. Rc2 Kg8 56. Ke2 Kf8 57. Ra2 Bxc3 58. Bh6+ Kg8 59. Ra4 Rd4 60.
Be3 Re4 61. f3 Re8 62. Rxc4 Be5 63. Re4 f5 64. Rxe5 Rxe5 65. Kf2 Kf7 66. Bf4
Rb5 67. Bh6 Rb3 68. Bg5 Ke6 69. Bh6 Kd5 70. g4 Kd4 71. Ke2 Rb2+ 72. Ke1 Kd3 73.
Bf4 Re2+ 74. Kf1 Re6 75. Kg2 Ra6 76. Kf1 Kc2 77. Ke2 Re6+ 78. Kf2 Kd3 79. Kf1
Ra6 80. Kf2 Ra2+ 81. Kf1 1/2-1/2

[Event "19. Wch 2009 Veteranos"]
[Site "Condino ITA"]
[Date "2009.11.04"]
[Round "8.10"]
[White "Malmdin, Nils-Ake"]
[Black "Klovans, Janis"]
[Result "0-1"]
[WhiteElo "2280"]
[BlackElo "2405"]
[PlyCount "98"]
[EventDate "2009.10.27"]
[EventType "swiss"]
[EventRounds "11"]
[EventCountry "ITA"]
[Source "lmi"]
[SourceDate "2009.10.27"]

1. e4 c5 2. Nf3 e6 3. Nc3 d6 4. d4 cxd4 5. Nxd4 Nf6 6. f4 Nc6 7. Be3 a6 8. Qf3
Qc7 9. Bd3 Be7 10. O-O O-O 11. Kh1 Bd7 12. Qg3 g6 13. f5 Ne5 14. Bh6 Rfe8 15.
fxe6 fxe6 16. Bg5 Nh5 17. Qh4 Bxg5 18. Qxg5 Nxd3 19. cxd3 Qc5 20. Nf3 Qxg5 21.
Nxg5 Rf8 22. Nf3 b5 23. a3 a5 24. b4 Nf4 25. Rfd1 axb4 26. axb4 Rxa1 27. Rxa1
Nxd3 28. Ra7 Bc6 29. Rc7 Nxb4 30. h3 e5 31. Ng5 h6 32. Ne6 Rf7 33. Rxf7 Kxf7
34. Nd8+ Ke7 35. Nxc6+ Nxc6 36. Nxb5 Kd7 37. Kg1 Nb4 38. Kf2 Kc6 39. Nc3 Kc5
40. Kf3 Kc4 41. Na4 Kd4 42. g3 Nd3 43. Nb6 Nc5 44. Nd5 Nxe4 45. Ne7 Ng5+ 46.
Kg4 e4 47. Nxg6 e3 48. Nf4 Ke4 49. h4 Ne6 0-1

[Event "19. Wch 2009 Veteranos"]
[Site "Condino ITA"]
[Date "2009.11.04"]
[Round "8.11"]
[White "Acers, Jude"]
[Black "Kaufman, Larry C"]
[Result "0-1"]
[WhiteElo "2225"]
[BlackElo "2400"]
[PlyCount "60"]
[EventDate "2009.10.27"]
[EventType "swiss"]
[EventRounds "11"]
[EventCountry "ITA"]
[Source "lmi"]
[SourceDate "2009.10.27"]

1. e4 c5 2. b4 cxb4 3. a3 e5 4. Nf3 Nc6 5. axb4 Bxb4 6. c3 Be7 7. Bc4 Nf6 8. d4
d6 9. dxe5 Nxe5 10. Nxe5 dxe5 11. Qa4+ Bd7 12. Qb3 O-O 13. Qxb7 Bc5 14. Be3 Rb8
15. Qa6 Bxe3 16. fxe3 Ng4 17. O-O Qh4 18. h3 Nxe3 19. Nd2 Nxf1 20. Rxf1 Bxh3
21. Rxf7 Rxf7 22. Bxf7+ Kh8 23. Qd6 Rd8 24. Qxe5 Bxg2 25. Bd5 Qe1+ 26. Kxg2
Qxd2+ 27. Kg3 Rf8 28. Bf7 h6 29. c4 Qd3+ 30. Kg2 Qd7 0-1

[Event "19. Wch 2009 Veteranos"]
[Site "Condino ITA"]
[Date "2009.11.04"]
[Round "8.12"]
[White "Mishuchkov, Nikolai M"]
[Black "Welz, Peter Dr"]
[Result "1-0"]
[WhiteElo "2375"]
[BlackElo "2100"]
[PlyCount "45"]
[EventDate "2009.10.27"]
[EventType "swiss"]
[EventRounds "11"]
[EventCountry "ITA"]
[Source "lmi"]
[SourceDate "2009.10.27"]

1. Nf3 f5 2. g3 Nf6 3. Bg2 g6 4. d4 Bg7 5. O-O O-O 6. c4 d6 7. Nc3 Nc6 8. d5
Ne5 9. Nxe5 dxe5 10. b3 e4 11. Qc2 e6 12. Ba3 Rf7 13. Rad1 exd5 14. cxd5 Rd7
15. f3 Nxd5 16. Nxd5 Rxd5 17. Rxd5 Qxd5 18. Rd1 Qe5 19. Rd8+ Kf7 20. fxe4 c6
21. Qc4+ Be6 22. Qb4 Bc8 23. Rf8+ 1-0

[Event "19. Wch 2009 Veteranos"]
[Site "Condino ITA"]
[Date "2009.11.04"]
[Round "8.13"]
[White "Kuindzhy, Alexander"]
[Black "Gutkin, Boris"]
[Result "1/2-1/2"]
[WhiteElo "2420"]
[BlackElo "2255"]
[PlyCount "56"]
[EventDate "2009.10.27"]
[EventType "swiss"]
[EventRounds "11"]
[EventCountry "ITA"]
[Source "lmi"]
[SourceDate "2009.10.27"]

1. e4 c5 2. Nf3 d6 3. Nc3 a6 4. d4 cxd4 5. Nxd4 Nf6 6. Bg5 e6 7. f4 Be7 8. Qf3
Qc7 9. O-O-O Nbd7 10. g4 b5 11. Bxf6 Nxf6 12. g5 Nd7 13. a3 Rb8 14. Bh3 Nc5 15.
Nf5 exf5 16. Nd5 Qd8 17. exf5 Bb7 18. Qc3 f6 19. Rhe1 Bxd5 20. gxf6 gxf6 21.
Qxf6 Kd7 22. Qd4 Bf6 23. Qxd5 Kc7 24. Bg2 Rb6 25. Qf7+ Kb8 26. Qd5 Kc7 27. Qf7+
Kb8 28. Qd5 Kc7 1/2-1/2

[Event "19. Wch 2009 Veteranos"]
[Site "Condino ITA"]
[Date "2009.11.04"]
[Round "8.14"]
[White "Rosino, Antonio"]
[Black "Van Riemsdijk, Herman C"]
[Result "0-1"]
[WhiteElo "2225"]
[BlackElo "2385"]
[PlyCount "46"]
[EventDate "2009.10.27"]
[EventType "swiss"]
[EventRounds "11"]
[EventCountry "ITA"]
[Source "lmi"]
[SourceDate "2009.10.27"]

1. e4 c5 2. Nf3 Nc6 3. c3 e5 4. Bc4 Qc7 5. O-O Nf6 6. Qe2 Be7 7. Rd1 d6 8. h3
a6 9. a4 Bd7 10. d4 Na5 11. dxe5 dxe5 12. Nbd2 O-O 13. Bd5 Bd6 14. c4 Nxd5 15.
cxd5 c4 16. Nf1 Nb3 17. Ra2 b5 18. Be3 bxa4 19. N3d2 Bb5 20. Qg4 Qc8 21. Nb1
Bb4 22. Qh5 f6 23. Nc3 a3 0-1

[Event "19. Wch 2009 Veteranos"]
[Site "Condino ITA"]
[Date "2009.11.04"]
[Round "8.15"]
[White "Zoltek, Tadeusz"]
[Black "Plachetka, Jan"]
[Result "0-1"]
[WhiteElo "2210"]
[BlackElo "2375"]
[PlyCount "112"]
[EventDate "2009.10.27"]
[EventType "swiss"]
[EventRounds "11"]
[EventCountry "ITA"]
[Source "lmi"]
[SourceDate "2009.10.27"]

1. c4 g6 2. Nc3 Bg7 3. g3 Nc6 4. Bg2 e5 5. d3 d6 6. Rb1 f5 7. e3 Nf6 8. Nge2
O-O 9. O-O Be6 10. Nd5 Qd7 11. b4 Rab8 12. b5 Ne7 13. Nxe7+ Qxe7 14. Qa4 Nd7
15. Qc2 Qf7 16. Bb2 g5 17. f4 h6 18. Rbc1 b6 19. d4 Nf6 20. d5 Bd7 21. fxe5
dxe5 22. Bxe5 Rbe8 23. Bxf6 Qxf6 24. Qd3 Qe5 25. Nd4 Kh8 26. Rce1 f4 27. Nf3
Qc3 28. Qxc3 Bxc3 29. Rc1 Rxe3 30. Kh1 Kg7 31. Ng1 fxg3 32. Rxf8 Kxf8 33. hxg3
g4 34. Rc2 Be5 35. Re2 Rxe2 36. Nxe2 Bf5 37. Bf1 Ke7 38. Kg2 Kd6 39. Nc1 Be4+
40. Kf2 Bd4+ 41. Ke1 h5 42. Nd3 Bf6 43. Be2 Be5 44. Kf2 Bd4+ 45. Kf1 Be3 46. a3
Ke7 47. Ne5 Kf6 48. Nc6 Kg5 49. Nd8 h4 50. Ne6+ Kf5 51. Bxg4+ Kxg4 52. gxh4
Bd3+ 53. Ke1 Bxc4 54. Nxc7 Bf4 55. Ne6 Be5 56. Nd8 Bxd5 0-1